| 000 | 01473nam a2200361 c 4500 | ||
|---|---|---|---|
| 003 | BLK | ||
| 005 | 20250206123517.0 | ||
| 008 | 180410b bul|||||r ||||||| ||bul|| | ||
| 010 | _aKNG00161589000 | ||
| 020 |
_a978-619-150-095-6 _bиздат.: Колибри |
||
| 040 | _aBLK | ||
| 041 |
_aBUL _cBUL |
||
| 072 | 7 |
_2bullib _aН83 _xЧужда художествена литература Н |
|
| 080 |
_aИспанска литература _b821.134.2 _x-32 _z821.134.2-32 |
||
| 100 | 1 |
_aМариас, Хавиер _eпърви автор _992647 |
|
| 700 | 1 |
_aМичева, Нева Георгиева _eпрев. от исп. _9370671 |
|
| 139 |
_aМариас, Хавиер _bМ 31 |
||
| 245 | 1 | 0 |
_aЗа мен спомни си в утрешната битка _bРоман _cХавиер Мариас; прев. от исп. Нева Георгиева Мичева. |
| 257 | _aSPA | ||
| 260 |
_аСофия _bКолибри _c2012 _fСофия : Инвестпрес |
||
| 300 |
_a383 с. _c20 см |
||
| 380 | _aX | ||
| 490 | 1 | _aСъвременна европейска проза | |
| 500 | _aОриг. загл. Manana en la batalla piensa en mi / Javier Marias. - Съдържа и за авт. | ||
| 653 | _aромани | ||
| 659 | _aН | ||
| 852 | _aЦб 269203 | ||
| 856 | 4 |
_qpdf _u |
|
| 856 | 4 |
_qpdf _u |
|
| 942 |
_cKNG _n0 _05 |
||
| 944 |
_aCR _c05.06.2014 _lЦветомила Тодорова _k30576 |
||
| 944 |
_aED _c03.10.2014 _lф / _k |
||
| 999 |
_c154934 _d154934 |
||